<?xml version='1.0' encoding='UTF-8'?>
  <record xmlns="http://www.loc.gov/MARC21/slim">
    <leader>00000cam a22000007i 4500</leader>
    <controlfield tag="001">ocm67966313</controlfield>
    <controlfield tag="003">OCoLC</controlfield>
    <controlfield tag="005">20250419110038.8</controlfield>
    <controlfield tag="008">981124m18471850ne            000 0 dut d</controlfield>
    <datafield tag="040" ind1=" " ind2=" ">
      <subfield code="a">NLGGC</subfield>
      <subfield code="b">dut</subfield>
      <subfield code="e">fobidrtb</subfield>
      <subfield code="c">NLGGC</subfield>
      <subfield code="d">OCLCO</subfield>
      <subfield code="d">OCLCL</subfield>
      <subfield code="d">OCLCQ</subfield>
    </datafield>
    <datafield tag="029" ind1="0" ind2=" ">
      <subfield code="a">NLGGC</subfield>
      <subfield code="b">17531988X</subfield>
    </datafield>
    <datafield tag="035" ind1=" " ind2=" ">
      <subfield code="a">(OCoLC)67966313</subfield>
    </datafield>
    <datafield tag="041" ind1="1" ind2=" ">
      <subfield code="a">dut</subfield>
      <subfield code="h">ger</subfield>
    </datafield>
    <datafield tag="100" ind1="1" ind2=" ">
      <subfield code="a">Ritter, Bernhard,</subfield>
      <subfield code="d">1804-1893.</subfield>
      <subfield code="1">https://id.oclc.org/worldcat/entity/E39PBJfRDfxxrr33Ttqvqx6tKd</subfield>
    </datafield>
    <datafield tag="245" ind1="1" ind2="3">
      <subfield code="a">De ziekten van den mensch, die ontstaan ten gevolge van besmetting door ziekten van dieren /</subfield>
      <subfield code="c">vrij bewerkt naar het Hoogduitsch van B. Ritter, en met aanteek., enz. vermeerderd door F.C. Hekmeijer ... [et al.].</subfield>
    </datafield>
    <datafield tag="260" ind1=" " ind2=" ">
      <subfield code="a">Amersfoort :</subfield>
      <subfield code="b">W.J. van Bommel van Vloten,</subfield>
      <subfield code="c">1847-1850.</subfield>
    </datafield>
    <datafield tag="300" ind1=" " ind2=" ">
      <subfield code="a">3 dl. (1 bd.) ;</subfield>
      <subfield code="c">24 cm.</subfield>
    </datafield>
    <datafield tag="336" ind1=" " ind2=" ">
      <subfield code="a">tekst</subfield>
      <subfield code="b">txt</subfield>
      <subfield code="2">rdacontent/dut</subfield>
    </datafield>
    <datafield tag="337" ind1=" " ind2=" ">
      <subfield code="a">zonder medium</subfield>
      <subfield code="b">n</subfield>
      <subfield code="2">rdamedia/dut</subfield>
    </datafield>
    <datafield tag="338" ind1=" " ind2=" ">
      <subfield code="a">band</subfield>
      <subfield code="b">nc</subfield>
      <subfield code="2">rdacarrier/dut</subfield>
    </datafield>
    <datafield tag="500" ind1=" " ind2=" ">
      <subfield code="a">II. Met bijdragen van A. Numan, H.W.C. de Jong en H.P. le Clercq. III. Met eene bijdrage van C.F.D.C.A.C. Joffroij.</subfield>
    </datafield>
    <datafield tag="530" ind1=" " ind2=" ">
      <subfield code="a">Titel is geselecteerd voor digitalisering voor de Universiteit van Amsterdam in het kader van het Google Books-project.</subfield>
    </datafield>
    <datafield tag="530" ind1=" " ind2=" ">
      <subfield code="a">Ook beschikbaar in microvorm.</subfield>
    </datafield>
    <datafield tag="700" ind1="1" ind2=" ">
      <subfield code="a">Hekmeijer, F.C.</subfield>
      <subfield code="q">(Franciscus Cornelis),</subfield>
      <subfield code="d">1809-1886.</subfield>
      <subfield code="1">https://id.oclc.org/worldcat/entity/E39PCjthMfkWdVFvym9VDxF8BX</subfield>
    </datafield>
    <datafield tag="700" ind1="1" ind2=" ">
      <subfield code="a">Numan, Alexander.</subfield>
    </datafield>
    <datafield tag="700" ind1="1" ind2=" ">
      <subfield code="a">Jong, H.W.C. de.</subfield>
    </datafield>
    <datafield tag="700" ind1="1" ind2=" ">
      <subfield code="a">Clercq, Hendrik Pieter le,</subfield>
      <subfield code="d">1811-1849.</subfield>
    </datafield>
    <datafield tag="700" ind1="1" ind2=" ">
      <subfield code="a">Joffroij, C.F.D.C.A.C.</subfield>
    </datafield>
    <datafield tag="758" ind1=" " ind2=" ">
      <subfield code="a">De ziekten van den mensch, die ontstaan ten gevolge van besmetting door ziekten van dieren (Text)</subfield>
      <subfield code="1">https://id.oclc.org/worldcat/entity/E39PCGT9mM6yMHh79r6pHgBvRC</subfield>
      <subfield code="4">https://id.oclc.org/worldcat/ontology/hasWork</subfield>
    </datafield>
    <datafield tag="776" ind1="0" ind2=" ">
      <subfield code="t">De ziekten van den mensch, die ontstaan ten gevolge van besmetting door ziekten van dieren</subfield>
      <subfield code="w">(NL-LeOCL)400301695</subfield>
    </datafield>
    <datafield tag="936" ind1=" " ind2=" ">
      <subfield code="a">BATCHLOAD</subfield>
    </datafield>
  </record>